[Event "Pere Noel U1500"]
[Site "Montreal CAN"]
[Date "2016.12.30"]
[Round "5.36"]
[White "Grandmaison, Real"]
[Black "Tesar, Mathias"]
[Result "0-1"]
[WhiteElo "1238"]
[BlackElo "1307"]
[PlyCount "99"]
[EventDate "2016.12.26"]
[EventType "swiss"]
[EventRounds "5"]
[EventCountry "CAN"]

1. b4 d5 2. d4 e6 3. c3 Nf6 4. Nf3 Be7 5. Nbd2 b6 6. a4 Bb7 7. e3 O-O 8. Bd3
Nbd7 9. O-O c5 10. b5 Qc7 11. Bb2 Ne4 12. Rc1 f5 13. Bb1 c4 14. Ne1 Rf6 15. f4
Bd6 16. Nef3 Rh6 17. Ne5 Bxe5 18. fxe5 Qd8 19. g3 Qg5 20. Qe2 Nxg3 21. Qg2 Ne2+
22. Kh1 Qxg2+ 23. Kxg2 Nxc1 24. Bxc1 g5 25. Nf3 Rg6 26. Ba3 Kh8 27. Kg3 Rag8
28. Be7 h5 29. Kf2 R8g7 30. Bd8 Rg8 31. Be7 g4 32. Nh4 g3+ 33. Kf3 Rg4 34. h3
R4g7 35. Bf6 Nxf6 36. exf6 Rf7 37. Rg1 Rxf6 38. Rxg3 Rxg3+ 39. Kxg3 Kh7 40. Bc2
Kh6 41. Bd1 Rf8 42. Nf3 Rg8+ 43. Kf2 a6 44. h4 axb5 45. axb5 Ra8 46. Ne5 Ra3
47. Nd7 Rxc3 48. Nxb6 Rd3 49. Na4 Rxd1 50. Ke2 0-1

[Event "Pere Noel U1500"]
[Site "Montreal CAN"]
[Date "2016.12.30"]
[Round "5.37"]
[White "Chira, Dan"]
[Black "Pommainville, Vincent"]
[Result "0-1"]
[WhiteElo "1485"]
[BlackElo "1259"]
[PlyCount "136"]
[EventDate "2016.12.26"]
[EventType "swiss"]
[EventRounds "5"]
[EventCountry "CAN"]

1. e4 e5 2. Nf3 Nc6 3. d4 exd4 4. Nxd4 Bc5 5. Nxc6 bxc6 6. Qf3 Qf6 7. Qxf6 Nxf6
8. Bd3 Ng4 9. O-O O-O 10. h3 Ne5 11. Bf4 Nxd3 12. cxd3 d6 13. Bd2 Ba6 14. Nc3
Bxd3 15. Rfe1 Rfe8 16. Na4 Bb6 17. Nxb6 cxb6 18. f3 Re6 19. Rac1 c5 20. Rcd1
Bc2 21. Rc1 Ba4 22. b3 Bc6 23. b4 f6 24. bxc5 dxc5 25. Bc3 Rd8 26. Rcd1 Red6
27. Rxd6 Rxd6 28. Re2 Kf8 29. e5 fxe5 30. Bxe5 Re6 31. f4 g6 32. Kf2 c4 33. Rd2
Ke7 34. g3 b5 35. h4 Bd7 36. Bb8 a6 37. Bc7 Rc6 38. Re2+ Be6 39. Ba5 Kf6 40. a3
h5 41. Bb4 Bf5 42. Bc3+ Kf7 43. Re3 Rd6 44. Bb4 Rd3 45. Re7+ Kf6 46. Rc7 Ke6
47. Rc6+ Kd5 48. Rd6+ Ke4 49. Rf6 Rb3 50. Rd6 Rb2+ 51. Rd2 Rxd2+ 52. Bxd2 Kd3
53. Ke1 Bg4 54. Bb4 c3 55. a4 c2 56. Ba3 Kc3 57. axb5 axb5 58. Bc1 b4 59. Bd2+
Kd3 60. Bc1 b3 61. Bb2 Ke3 62. Bc1+ Kf3 63. Kd2 Kxg3 64. Kc3 Be6 65. f5 gxf5
66. Bg5 f4 67. Kb2 f3 68. Be3 f2 0-1

[Event "Pere Noel U1500"]
[Site "Montreal CAN"]
[Date "2016.12.30"]
[Round "5.38"]
[White "Chaudari, Prabhas"]
[Black "Fournier, Martin"]
[Result "0-1"]
[WhiteElo "1360"]
[BlackElo "1410"]
[PlyCount "108"]
[EventDate "2016.12.26"]
[EventType "swiss"]
[EventRounds "5"]
[EventCountry "CAN"]

1. e4 c5 2. d4 cxd4 3. c3 dxc3 4. Nxc3 e5 5. Nf3 d6 6. Bc4 Nf6 7. O-O Be7 8.
Bg5 O-O 9. Rc1 Nbd7 10. Nb5 Nxe4 11. Bxe7 Qxe7 12. Re1 Ndf6 13. Nc7 Qxc7 14.
Bd5 Qb6 15. Bxe4 Nxe4 16. Rxe4 Bf5 17. Rh4 Rac8 18. Rxc8 Rxc8 19. Ng5 Qc5 20.
h3 Qc1 21. Qxc1 Rxc1+ 22. Kh2 a5 23. b4 b6 24. bxa5 bxa5 25. Ra4 Rc5 26. Ne4
Bxe4 27. Rxe4 f6 28. Re2 Kf7 29. Kg3 f5 30. f3 Ke6 31. Kf2 g6 32. Rb2 h6 33. g4
fxg4 34. hxg4 h5 35. gxh5 gxh5 36. Kg3 Rc4 37. Rh2 Ra4 38. Rc2 d5 39. Rb2 h4+
40. Kg2 Kf5 41. Rd2 Rd4 42. Re2 Kf4 43. Rb2 Rd3 44. Rf2 a4 45. Rb2 Rxf3 46.
Rb4+ d4 47. Rxa4 Ke3 48. Ra3+ d3 49. Rc3 Rf2+ 50. Kh3 Rxa2 51. Kxh4 Rg2 52. Kh3
Rg7 53. Ra3 e4 54. Rc3 Ke2 0-1

[Event "Pere Noel U1500"]
[Site "Montreal CAN"]
[Date "2016.12.30"]
[Round "5.39"]
[White "Pan, Yu Xiang"]
[Black "Diraddo, Daniel"]
[Result "1-0"]
[WhiteElo "1314"]
[BlackElo "1226"]
[PlyCount "77"]
[EventDate "2016.12.26"]
[EventType "swiss"]
[EventRounds "5"]
[EventCountry "CAN"]

1. e4 c5 2. Nf3 Nc6 3. d4 cxd4 4. Nxd4 d6 5. Nc3 Nf6 6. Be3 e6 7. Nxc6 bxc6 8.
Bg5 Be7 9. Be2 O-O 10. O-O h6 11. Bh4 Bb7 12. Kh1 Qc7 13. Bg3 Rad8 14. Bd3 Qd7
15. f4 d5 16. e5 Ne8 17. f5 exf5 18. Bxf5 Qc7 19. e6 Bd6 20. exf7+ Rxf7 21. Bg6
Nf6 22. Bxf7+ Qxf7 23. Bxd6 Rxd6 24. Qd4 Bc8 25. Rae1 Qh5 26. Qe5 Qxe5 27. Rxe5
Ba6 28. Rfe1 Ng4 29. Re8+ Kh7 30. h3 Nf6 31. R8e6 Rd7 32. Rxc6 Bb7 33. Rce6 Rd8
34. Nb5 Nh5 35. Kh2 Nf4 36. Re8 Rd7 37. R1e7 Bc6 38. Rxd7 Bxd7 39. Rb8 1-0

[Event "Pere Noel U1500"]
[Site "Montreal CAN"]
[Date "2016.12.30"]
[Round "5.40"]
[White "Neshev, Nikolay"]
[Black "Nanescu, Marin"]
[Result "0-1"]
[WhiteElo "1117"]
[BlackElo "1410"]
[PlyCount "64"]
[EventDate "2016.12.26"]
[EventType "swiss"]
[EventRounds "5"]
[EventCountry "CAN"]

1. e4 c5 2. Nf3 Nc6 3. d4 cxd4 4. Nxd4 Nf6 5. Nc3 d5 6. exd5 Nxd5 7. Nxc6 bxc6
8. Bd2 e5 9. Qf3 Be6 10. Bc4 Bb4 11. O-O-O Qa5 12. Nxd5 Bxd2+ 13. Rxd2 Bxd5 14.
Rxd5 cxd5 15. Bxd5 O-O 16. Bxa8 Qxa2 17. Rd1 Qa1+ 18. Kd2 Qxb2 19. Be4 a5 20.
Qc3 Rd8+ 21. Bd3 Qb6 22. Ke1 Re8 23. Kf1 g6 24. Ra1 e4 25. Re1 e3 26. Rxe3 Rxe3
27. fxe3 Qxe3 28. Qe1 Qf4+ 29. Kg1 Qd4+ 30. Kh1 a4 31. Qb1 a3 32. Qb3 Qa1+ 0-1

[Event "Pere Noel U1500"]
[Site "Montreal CAN"]
[Date "2016.12.30"]
[Round "5.42"]
[White "Begin, Francois"]
[Black "Poulin, Roxane"]
[Result "1-0"]
[WhiteElo "1261"]
[BlackElo "1143"]
[PlyCount "39"]
[EventDate "2016.12.26"]
[EventType "swiss"]
[EventRounds "5"]
[EventCountry "CAN"]

1. e4 e5 2. Nf3 Nc6 3. d4 exd4 4. Bc4 Be7 5. c3 dxc3 6. Qd5 Nh6 7. Bxh6 O-O 8.
Bxg7 cxb2 9. Bxb2 d6 10. Nc3 Be6 11. Qd3 Nb4 12. Qe2 Bf6 13. O-O Kh8 14. Nd5
Nxd5 15. Bxd5 c6 16. Bxe6 fxe6 17. e5 Bg7 18. exd6 Qxd6 19. Bxg7+ Kxg7 20. Qb2+
1-0

[Event "Pere Noel U1500"]
[Site "Montreal CAN"]
[Date "2016.12.30"]
[Round "5.44"]
[White "Dimov, Petre"]
[Black "Chapdelaine, Gwyn"]
[Result "1-0"]
[WhiteElo "1231"]
[BlackElo "1079"]
[PlyCount "75"]
[EventDate "2016.12.26"]
[EventType "swiss"]
[EventRounds "5"]
[EventCountry "CAN"]

1. e4 e5 2. Bc4 Nf6 3. d4 exd4 4. Nf3 Bc5 5. e5 Ng4 6. Bg5 Be7 7. Bxe7 Qxe7 8.
Qxd4 d6 9. O-O O-O 10. Nc3 Nc6 11. exd6 cxd6 12. Qf4 Be6 13. Rfe1 Nge5 14. Nxe5
Nxe5 15. Bb3 Rfe8 16. Nd5 Bxd5 17. Bxd5 Rac8 18. Re2 Rc5 19. Be4 d5 20. Bd3 Qd6
21. Rae1 f6 22. Qh4 g6 23. f4 Qb6 24. Kh1 Qxb2 25. Qxf6 Rc6 26. Qh4 Qd4 27.
Rxe5 Rxe5 28. Rxe5 Rf6 29. Qe1 Qxf4 30. Re8+ Kg7 31. Re7+ Rf7 32. Re3 Qa4 33.
Qc3+ d4 34. Qb2 Kg8 35. Re4 Qc6 36. Qxd4 Rd7 37. Bc4+ Kf8 38. Qh8# 1-0

[Event "Pere Noel U1500"]
[Site "Montreal CAN"]
[Date "2016.12.30"]
[Round "5.46"]
[White "Dormeus, Sandy"]
[Black "Hebert, Guillaume"]
[Result "1/2-1/2"]
[WhiteElo "925"]
[BlackElo "1218"]
[PlyCount "90"]
[EventDate "2016.12.26"]
[EventType "swiss"]
[EventRounds "5"]
[EventCountry "CAN"]

1. e4 e5 2. Nf3 Nf6 3. Nc3 Nc6 4. Bc4 Bc5 5. O-O d6 6. Ng5 O-O 7. Nxf7 Rxf7 8.
Bxf7+ Kxf7 9. d3 Kg8 10. Bg5 Be6 11. Nd5 Bxd5 12. exd5 Nd4 13. c3 Nf5 14. Qf3
Ne7 15. Bxf6 gxf6 16. Qxf6 Nxd5 17. Qe6+ Kh8 18. Qxd5 Qf6 19. Qf3 Qxf3 20. gxf3
Rg8+ 21. Kh1 Rf8 22. b4 Bb6 23. Rae1 Rxf3 24. Kg2 Rxd3 25. Rc1 Rd2 26. Ra1 Rc2
27. a4 Rxc3 28. a5 Bd4 29. Rac1 Kg7 30. Rxc3 Bxc3 31. Rc1 Bxb4 32. Rxc7+ Kf6
33. Rxh7 Bxa5 34. Rxb7 Bb6 35. Rd7 Ke6 36. Rh7 Kf6 37. Kg3 Kg6 38. Rd7 Bc5 39.
h4 a5 40. Kg4 a4 41. h5+ Kh6 42. Re7 a3 43. Re6+ Kh7 44. Re8 Bd4 45. Ra8 Bb2
1/2-1/2

[Event "Pere Noel U1500"]
[Site "Montreal CAN"]
[Date "2016.12.30"]
[Round "5.48"]
[White "Clozel, Claire-Marie"]
[Black "Imbeault, Marc"]
[Result "0-1"]
[WhiteElo "1022"]
[BlackElo "1277"]
[PlyCount "92"]
[EventDate "2016.12.26"]
[EventType "swiss"]
[EventRounds "5"]
[EventCountry "CAN"]

1. e4 c5 2. d3 Nc6 3. Nd2 d6 4. Ngf3 g6 5. g3 Bg7 6. Bg2 e5 7. O-O Nf6 8. Nc4
b5 9. Ne3 O-O 10. c4 b4 11. a3 Bb7 12. axb4 Nxb4 13. Bh3 Bc8 14. Bg2 Bd7 15.
Nd5 Nfxd5 16. exd5 Bf5 17. Qa4 Bxd3 18. Bg5 Qe8 19. Rfe1 Qxa4 20. Rxa4 Bxc4 21.
Be7 Rfe8 22. Bxd6 Bxd5 23. Bxc5 Nd3 24. Rd1 Nxc5 25. Rxd5 Nxa4 26. Ra5 Nxb2 27.
Nh4 e4 28. Bf1 Re7 29. Bb5 Rd8 30. Bc6 Rd2 31. Rb5 Nd3 32. Rb8+ Bf8 33. Rd8
Rxf2 34. h3 Rb2 35. Ng2 a5 36. h4 Nc5 37. h5 a4 38. hxg6 hxg6 39. Rd5 Ra7 40.
Rg5 a3 41. Bxe4 Nxe4 42. Rg4 Nf2 43. Rg5 a2 44. Nh4 a1=Q+ 45. Kg2 Ne4+ 46. Kh3
Nxg5+ 0-1

[Event "Pere Noel U1500"]
[Site "Montreal CAN"]
[Date "2016.12.30"]
[Round "5.50"]
[White "Richard, Guillaume"]
[Black "Georgescu-Nicolau, Luca"]
[Result "0-1"]
[WhiteElo "1028"]
[BlackElo "931"]
[PlyCount "47"]
[EventDate "2016.12.26"]
[EventType "swiss"]
[EventRounds "5"]
[EventCountry "CAN"]

1. e4 e5 2. Nc3 Nf6 3. Nf3 Nc6 4. Bb5 Bb4 5. a3 Bxc3 6. dxc3 O-O 7. O-O a6 8.
Ba4 Nxe4 9. Re1 d5 10. Qd3 Nc5 11. Qe2 Nxa4 12. Nxe5 Re8 13. Bf4 Nxe5 14. Bxe5
f6 15. b3 Rxe5 16. Qf1 Rxe1 17. Rxe1 Nxc3 18. Re3 d4 19. Re1 Bd7 20. Qc4+ Kh8
21. Qxd4 Nb5 22. Qe3 Bf5 23. Qe8+ Qxe8 24. Rxe8+ 0-1

[Event "Pere Noel U1800"]
[Site "Montreal CAN"]
[Date "2016.12.26"]
[Round "1.20"]
[White "Villeneuve, Benoit"]
[Black "Molloy, Francis"]
[Result "1-0"]
[WhiteElo "1791"]
[BlackElo "1536"]
[PlyCount "39"]
[EventDate "2016.12.26"]
[EventType "swiss"]
[EventRounds "5"]
[EventCountry "CAN"]

1. e4 c5 2. Nf3 d6 3. d4 cxd4 4. Nxd4 Nf6 5. Nc3 a6 6. Be2 e6 7. Bg5 Be7 8. O-O
b5 9. Bf3 Bb7 10. e5 Nd5 11. Bxe7 Qxe7 12. Nxd5 Bxd5 13. Bxd5 exd5 14. Nf5 Qd7
15. Nxd6+ Kd8 16. Qxd5 Nc6 17. Nxf7+ Kc7 18. Qxd7+ Kxd7 19. Nxh8 Rxh8 20. Rad1+
1-0

[Event "Pere Noel U1800"]
[Site "Montreal CAN"]
[Date "2016.12.26"]
[Round "1.21"]
[White "Sonn, Eric"]
[Black "Hollander, Michael"]
[Result "0-1"]
[WhiteElo "1536"]
[BlackElo "1768"]
[PlyCount "88"]
[EventDate "2016.12.26"]
[EventType "swiss"]
[EventRounds "5"]
[EventCountry "CAN"]

1. e4 e6 2. d4 d5 3. e5 c5 4. c3 Nc6 5. Nf3 Bd7 6. b3 cxd4 7. cxd4 Qb6 8. Be2
Bb4+ 9. Kf1 Rc8 10. Bb2 Nh6 11. h3 O-O 12. g3 Na5 13. Na3 Bc3 14. Rb1 Bxb2 15.
Rxb2 Qb4 16. Nb1 Bb5 17. Kg2 Bxe2 18. Qxe2 Nf5 19. Qd2 Qxd2 20. Rxd2 Rc7 21. g4
Ne7 22. Rhd1 Rfc8 23. Ne1 Nec6 24. Na3 a6 25. Nac2 Na7 26. h4 Nb5 27. f3 Rc3
28. Kf2 h5 29. Ne3 hxg4 30. Nxg4 Rc1 31. Rxc1 Rxc1 32. h5 Nc6 33. Nd3 Rh1 34.
Nc5 b6 35. Nd7 Nbxd4 36. Nxb6 Rxh5 37. Nd7 Rh1 38. b4 Rb1 39. Nc5 Rxb4 40. Nxa6
Ra4 41. Nc5 Ra3 42. Nh2 Nb5 43. Nd3 Nc3 44. Nc1 Nxe5 0-1

[Event "Pere Noel U1800"]
[Site "Montreal CAN"]
[Date "2016.12.26"]
[Round "1.22"]
[White "Zheng, Richard"]
[Black "Guzman, Marcelo"]
[Result "1-0"]
[WhiteElo "1758"]
[BlackElo "1535"]
[PlyCount "63"]
[EventDate "2016.12.26"]
[EventType "swiss"]
[EventRounds "5"]
[EventCountry "CAN"]

1. e4 c6 2. d4 d5 3. exd5 cxd5 4. c4 Nf6 5. Nc3 Bg4 6. Be2 Bxe2 7. Qxe2 e6 8.
c5 Nc6 9. Nf3 g6 10. O-O Bg7 11. Rd1 O-O 12. Bf4 a6 13. Bd6 Re8 14. Ne5 Nd7 15.
Nxc6 bxc6 16. f4 Bf8 17. Bxf8 Rxf8 18. a4 Qf6 19. Qd2 Rfb8 20. a5 Rb3 21. Na4
Qd8 22. Nb6 Ra7 23. Qc2 Re3 24. Rd3 Re4 25. Qd2 Nf6 26. Na4 Nh5 27. g3 e5 28.
dxe5 Ng7 29. b3 Ne6 30. Nc3 Rb4 31. Nxd5 cxd5 32. Qxb4 1-0

[Event "Pere Noel U1800"]
[Site "Montreal CAN"]
[Date "2016.12.26"]
[Round "1.23"]
[White "Forest, Jimmy"]
[Black "Kozlov, Guennadi"]
[Result "1-0"]
[WhiteElo "1529"]
[BlackElo "1736"]
[PlyCount "105"]
[EventDate "2016.12.26"]
[EventType "swiss"]
[EventRounds "5"]
[EventCountry "CAN"]

1. e4 e6 2. d4 d5 3. Nc3 Bb4 4. e5 c5 5. Nf3 Nc6 6. a3 cxd4 7. axb4 dxc3 8.
bxc3 Qc7 9. Bf4 Nge7 10. b5 Na5 11. Qd4 b6 12. Bd3 Ng6 13. Bg3 O-O 14. h4 h6
15. Bxg6 fxg6 16. O-O Qc4 17. Qxc4 Nxc4 18. Nd4 Bd7 19. Ra2 Rfc8 20. Rfa1 Na5
21. Ra3 Rc5 22. f3 Rac8 23. Be1 Kf7 24. Nb3 Nxb3 25. Rxb3 R8c7 26. Rab1 Ke7 27.
Kh2 Kd8 28. Kg3 Kc8 29. Bd2 Rc4 30. Ra1 d4 31. cxd4 Rxc2 32. Bb4 Bxb5 33. Bd6
a6 34. Bxc7 Kxc7 35. Raa3 Kc6 36. Rc3+ Rxc3 37. Rxc3+ Kd5 38. f4 Kxd4 39. Rc7
a5 40. Rb7 Kc5 41. Kf2 Bc6 42. Rxg7 a4 43. Ke1 a3 44. Kd2 a2 45. Ra7 Bd5 46.
Kc3 b5 47. g4 b4+ 48. Kb2 b3 49. Rh7 g5 50. hxg5 hxg5 51. f5 exf5 52. gxf5 Be4
53. f6 1-0

[Event "Pere Noel U1800"]
[Site "Montreal CAN"]
[Date "2016.12.26"]
[Round "1.24"]
[White "Baran, Marius"]
[Black "Milosz, Jerzy"]
[Result "1-0"]
[WhiteElo "1721"]
[BlackElo "1529"]
[PlyCount "57"]
[EventDate "2016.12.26"]
[EventType "swiss"]
[EventRounds "5"]
[EventCountry "CAN"]

1. e4 c6 2. d4 d5 3. e5 Bf5 4. Ne2 e6 5. Ng3 Bg6 6. h4 h6 7. h5 Bh7 8. Bd3 Bxd3
9. cxd3 Bb4+ 10. Bd2 Bxd2+ 11. Nxd2 Qb6 12. Qg4 Rh7 13. O-O Qd8 14. f4 Nd7 15.
Nf3 Qe7 16. f5 O-O-O 17. b4 a6 18. a4 Re8 19. b5 Nb8 20. Rfc1 Kd7 21. Rab1 Qa3
22. bxc6+ bxc6 23. Rb7+ Kc8 24. Rcb1 Nd7 25. fxe6 Rxe6 26. Nf5 g6 27. Nd6+ Rxd6
28. exd6 Qxd6 29. Rb8+ 1-0

[Event "Pere Noel U1800"]
[Site "Montreal CAN"]
[Date "2016.12.26"]
[Round "1.25"]
[White "Bergeron, Jean-Guy"]
[Black "O'Connor, Michael"]
[Result "0-1"]
[WhiteElo "1518"]
[BlackElo "1639"]
[PlyCount "54"]
[EventDate "2016.12.26"]
[EventType "swiss"]
[EventRounds "5"]
[EventCountry "CAN"]

1. c4 f5 2. d4 Nf6 3. Nc3 g6 4. g3 Bg7 5. Bg2 O-O 6. e4 fxe4 7. Nxe4 d6 8. Ne2
Nbd7 9. Ng5 Nb6 10. Qb3 e6 11. O-O h6 12. Ne4 Kh7 13. Nxf6+ Bxf6 14. Qd3 e5 15.
dxe5 Bxe5 16. Nf4 Bf5 17. Be4 Qf6 18. Rb1 Rae8 19. Nd5 Nxd5 20. Qxd5 Bxe4 21.
Qxe4 Bxg3 22. Qxb7 Bxf2+ 23. Kh1 Qe7 24. Qg2 Kg7 25. Bxh6+ Kxh6 26. Rxf2 Rxf2
27. Qxf2 Qe4+ 0-1

[Event "Pere Noel U1800"]
[Site "Montreal CAN"]
[Date "2016.12.26"]
[Round "1.26"]
[White "Guan, Zi Yu"]
[Black "Hebert, Mario"]
[Result "1-0"]
[WhiteElo "1637"]
[BlackElo "1516"]
[PlyCount "123"]
[EventDate "2016.12.26"]
[EventType "swiss"]
[EventRounds "5"]
[EventCountry "CAN"]

1. e4 e6 2. d4 d5 3. e5 c5 4. c3 Qb6 5. a3 c4 6. Nd2 Nc6 7. Ne2 Bd7 8. b4 cxb3
9. Nxb3 Na5 10. Nd2 Bb5 11. Rb1 Qc6 12. Nb3 Nc4 13. Ng3 b6 14. Nd2 Ne7 15. Qf3
Rc8 16. Bd3 a6 17. O-O Ng6 18. a4 Bxa4 19. Nxc4 dxc4 20. Qxc6+ Bxc6 21. Bxc4 b5
22. Bd3 Bd5 23. Bd2 Be7 24. f4 O-O 25. f5 exf5 26. Nxf5 Bd8 27. Nd6 Rc6 28. Be4
Bxe4 29. Nxe4 Be7 30. g3 Rfc8 31. h4 Bf8 32. Ng5 R8c7 33. h5 h6 34. d5 Rc5 35.
d6 Rd7 36. hxg6 hxg5 37. gxf7+ Rxf7 38. Rxf7 Kxf7 39. Rf1+ Ke8 40. Bxg5 Rxe5
41. Rxf8+ Kxf8 42. d7 Rd5 43. d8=Q+ Rxd8 44. Bxd8 Ke8 45. Ba5 Kd7 46. Kf2 Ke6
47. Ke3 Ke5 48. Bc7+ Kd5 49. Kd3 Kc6 50. Ba5 Kd5 51. g4 g6 52. Bd8 Ke5 53. g5
Kd5 54. Ba5 Ke5 55. Kc2 Kd5 56. Kb3 Kc5 57. Bd8 Kc6 58. Kb4 Kb7 59. Ka5 Ka7 60.
Bb6+ Kb7 61. Bd4 Kc6 62. Kxa6 1-0

[Event "Pere Noel U1800"]
[Site "Montreal CAN"]
[Date "2016.12.26"]
[Round "1.27"]
[White "Raduica, Gheorghe"]
[Black "Giroux, Gilbert"]
[Result "1-0"]
[WhiteElo "1509"]
[BlackElo "1632"]
[PlyCount "51"]
[EventDate "2016.12.26"]
[EventType "swiss"]
[EventRounds "5"]
[EventCountry "CAN"]

1. e4 c5 2. Nf3 a6 3. d4 cxd4 4. Nxd4 Nc6 5. Nxc6 bxc6 6. Nc3 e6 7. Be2 Nf6 8.
O-O Be7 9. Kh1 O-O 10. e5 Nd5 11. Nxd5 cxd5 12. Qd4 Qc7 13. c3 Bc5 14. Qf4 d6
15. Qg3 dxe5 16. Bh6 f6 17. f4 exf4 18. Bxf4 e5 19. Be3 Bd6 20. Rab1 Re8 21.
Rxf6 d4 22. Bd2 dxc3 23. Bxc3 e4 24. Rxd6 Bf5 25. Rd5 Qf7 26. Rxf5 1-0

[Event "Pere Noel U1800"]
[Site "Montreal CAN"]
[Date "2016.12.26"]
[Round "1.29"]
[White "Courtemanche, Sylvain"]
[Black "Yergeau, Simon"]
[Result "0-1"]
[WhiteElo "1484"]
[BlackElo "1601"]
[PlyCount "53"]
[EventDate "2016.12.26"]
[EventType "swiss"]
[EventRounds "5"]
[EventCountry "CAN"]

1. e4 c5 2. Nf3 d6 3. d4 cxd4 4. Nxd4 Nf6 5. Nc3 a6 6. Be3 Nc6 7. Qd2 g6 8. f3
Bg7 9. O-O-O O-O 10. Bc4 Nxd4 11. Bxd4 b5 12. Bb3 Bd7 13. g4 a5 14. g5 Nh5 15.
Bxg7 Kxg7 16. e5 Bc6 17. Qe3 a4 18. Bd5 Bxd5 19. Nxd5 e6 20. Nf6 d5 21. Nxh5+
gxh5 22. h4 Qe7 23. Rd4 Rfc8 24. Qf4 Qc5 25. Qf6+ Kg8 26. c3 b4 27. c4 0-1

[Event "Pere Noel U1800"]
[Site "Montreal CAN"]
[Date "2016.12.26"]
[Round "1.30"]
[White "Bedard, Michel"]
[Black "Bureau, Robert"]
[Result "1-0"]
[WhiteElo "1591"]
[BlackElo "1476"]
[PlyCount "101"]
[EventDate "2016.12.26"]
[EventType "swiss"]
[EventRounds "5"]
[EventCountry "CAN"]

1. f4 d5 2. Nf3 Nf6 3. e3 e6 4. b3 Nc6 5. Bb5 Bd7 6. O-O Be7 7. Bb2 O-O 8. c4
a6 9. Bxc6 Bxc6 10. d4 Re8 11. Nbd2 Rb8 12. Ne5 Bb4 13. Ndf3 h6 14. a3 Be7 15.
Nxc6 bxc6 16. Ne5 dxc4 17. Nxc6 Qd7 18. Nxb8 Rxb8 19. b4 Nd5 20. Qd2 Qc6 21.
Bc3 Nf6 22. Qc2 Qd5 23. Rfc1 Ng4 24. Qe2 Nf6 25. Be1 Bd6 26. Rxc4 Ne4 27. Rac1
Rc8 28. Bf2 Qb5 29. R4c2 Qa4 30. Qd3 Nxf2 31. Kxf2 Qb5 32. Qxb5 axb5 33. Rc6
Ra8 34. R1c3 f5 35. Kf3 Kf7 36. Rxc7+ Bxc7 37. Rxc7+ Kf6 38. Rb7 Rxa3 39. Rxb5
Rb3 40. Rb8 g5 41. h3 g4+ 42. hxg4 fxg4+ 43. Ke4 h5 44. b5 Rb2 45. g3 Rg2 46.
b6 Rb2 47. b7 Kf7 48. Rh8 h4 49. gxh4 Kg7 50. b8=Q Rxb8 51. Rxb8 1-0

[Event "Pere Noel U1800"]
[Site "Montreal CAN"]
[Date "2016.12.28"]
[Round "1.31"]
[White "Varfalvy, Peter"]
[Black "Charette, Nicolas"]
[Result "1-0"]
[WhiteElo "1409"]
[BlackElo "1591"]
[PlyCount "81"]
[EventDate "2016.12.26"]
[EventType "swiss"]
[EventRounds "5"]
[EventCountry "CAN"]

1. Nf3 Nf6 2. d4 c5 3. d5 e6 4. c4 exd5 5. cxd5 d6 6. Nc3 g6 7. e4 Bg7 8. Bb5+
Bd7 9. Bxd7+ Nbxd7 10. Bg5 a6 11. a4 O-O 12. O-O Re8 13. Re1 Qc7 14. Bxf6 Bxf6
15. Qc2 Ne5 16. Nxe5 Bxe5 17. a5 g5 18. Qe2 h6 19. Qg4 b5 20. h4 Qc8 21. Qh5
Kg7 22. hxg5 Rh8 23. g3 hxg5 24. Qxg5+ Kf8 25. g4 Rg8 26. Qh6+ Bg7 27. Qxd6+
Ke8 28. f3 Bd4+ 29. Kg2 Rg6 30. Qh2 Ke7 31. d6+ Rxd6 32. Nd5+ Kd7 33. Qh7 Qg8
34. Qf5+ Kd8 35. Rad1 Qg7 36. Nb6 Rb8 37. Re2 f6 38. Rh1 Rbxb6 39. axb6 Qg5 40.
Rh8+ Ke7 41. Qh7+ 1-0

[Event "Pere Noel U1800"]
[Site "Montreal CAN"]
[Date "2016.12.26"]
[Round "1.32"]
[White "Richard, Leo"]
[Black "Chang, Alexander RZ"]
[Result "0-1"]
[WhiteElo "1582"]
[BlackElo "1393"]
[PlyCount "82"]
[EventDate "2016.12.26"]
[EventType "swiss"]
[EventRounds "5"]
[EventCountry "CAN"]

1. d4 d5 2. e3 Nf6 3. Bd3 e6 4. f4 Bd6 5. Nf3 O-O 6. O-O c5 7. c3 Nc6 8. Ne5 c4
9. Bc2 Bd7 10. b3 b5 11. a4 cxb3 12. Bxb3 b4 13. Bd2 bxc3 14. Nxc3 a6 15. Rc1
Rc8 16. Qe2 Qb6 17. Bc2 Qa7 18. Nxd7 Nxd7 19. g4 Rfe8 20. g5 g6 21. Qf2 Rf8 22.
Qh4 Rfd8 23. Rf3 Nf8 24. Qf2 Rb8 25. Bd1 Rdc8 26. Ne2 Ne7 27. Rxc8 Rxc8 28. Nc1
Nf5 29. Nd3 Qb7 30. Qe2 Be7 31. Rh3 Rc7 32. Qf1 Nd6 33. Nc5 Qa7 34. Nxa6 Rc8
35. Nb4 Nc4 36. Qe1 Nxd2 37. Qxd2 Qa5 38. Nc6 Qxd2 39. Nxe7+ Kg7 40. Nxc8 Qxd1+
41. Kf2 Qc2+ 0-1

[Event "Pere Noel U1800"]
[Site "Montreal CAN"]
[Date "2016.12.26"]
[Round "1.33"]
[White "Legault, Simon"]
[Black "Kay, Sang Kil"]
[Result "0-1"]
[WhiteElo "1387"]
[BlackElo "1565"]
[PlyCount "92"]
[EventDate "2016.12.26"]
[EventType "swiss"]
[EventRounds "5"]
[EventCountry "CAN"]

1. e4 g6 2. d4 Bg7 3. Nf3 d6 4. h3 Nf6 5. Nc3 a6 6. Bc4 O-O 7. O-O b5 8. Bd3
Bb7 9. a3 Nbd7 10. Be3 Rc8 11. b4 c5 12. bxc5 dxc5 13. e5 Nd5 14. Nxd5 Bxd5 15.
c3 f6 16. Bf4 Bxf3 17. Qxf3 Nxe5 18. dxe5 fxe5 19. g3 exf4 20. Rad1 Qc7 21.
Qd5+ Kh8 22. Qg5 c4 23. Be4 fxg3 24. Qh4 Rf4 25. Qxg3 Rxe4 26. Qxc7 Rxc7 27.
Rd8+ Bf8 28. Rxf8+ Kg7 29. Ra8 Rc6 30. Rd1 Rf6 31. Rdd8 Re2 32. Rg8+ Kh6 33.
Rgf8 Rexf2 34. Rxf6 Rxf6 35. Ra7 Rf3 36. Kg2 Rxc3 37. Rxa6 e5 38. Kf2 Rxh3 39.
Re6 Rxa3 40. Rxe5 b4 41. Rc5 Rc3 42. Ke2 g5 43. Rb5 b3 44. Kd2 Rc2+ 45. Kd1 Kh5
46. Ke1 b2 0-1

[Event "Pere Noel U1800"]
[Site "Montreal CAN"]
[Date "2016.12.26"]
[Round "1.34"]
[White "Lepine, Yannick"]
[Black "Straehl, Patrick"]
[Result "1-0"]
[WhiteElo "1545"]
[BlackElo "1374"]
[PlyCount "89"]
[EventDate "2016.12.26"]
[EventType "swiss"]
[EventRounds "5"]
[EventCountry "CAN"]

1. e4 e5 2. Nf3 d6 3. d4 exd4 4. Nxd4 Nf6 5. Nc3 Be7 6. Bd3 O-O 7. O-O Bd7 8.
Nce2 a6 9. Ng3 Nc6 10. c3 Re8 11. Bc2 Ne5 12. a4 h6 13. f4 Ng6 14. Kh1 Bg4 15.
Qd3 Qd7 16. Bd2 Nh5 17. Nxh5 Bxh5 18. h3 Nf8 19. g4 Bg6 20. f5 Bh7 21. Bb3 Bf6
22. Nf3 Re7 23. Bf4 Rae8 24. Rae1 Qc6 25. Bc2 Nd7 26. Nd4 Bxd4 27. cxd4 Nf6 28.
d5 Qb6 29. Qc4 Qc5 30. Qxc5 dxc5 31. d6 cxd6 32. Bxd6 Rd7 33. e5 Nd5 34. Bb3
Nb4 35. Rd1 Kh8 36. Kg2 Nc6 37. e6 fxe6 38. Bxe6 Rdd8 39. Bxc5 Bg8 40. Rxd8
Rxd8 41. Rf2 Bxe6 42. fxe6 Re8 43. e7 Nxe7 44. Re2 Kg8 45. Rxe7 1-0

[Event "Pere Noel U1800"]
[Site "Montreal CAN"]
[Date "2016.12.26"]
[Round "1.37"]
[White "Velasquez, Cesar"]
[Black "Craciun, David"]
[Result "0-1"]
[WhiteElo "1293"]
[BlackElo "1537"]
[PlyCount "82"]
[EventDate "2016.12.26"]
[EventType "swiss"]
[EventRounds "5"]
[EventCountry "CAN"]

1. e4 e5 2. d3 Nc6 3. Nc3 Bc5 4. Nf3 Nf6 5. Be2 d6 6. Bg5 h6 7. Bd2 O-O 8. a3
a6 9. h3 b5 10. Qc1 Kh7 11. Nh4 Nxe4 12. Nxe4 Qxh4 13. Be3 Bxe3 14. Qxe3 Nd4
15. O-O-O a5 16. g3 Qe7 17. g4 Bd7 18. Nc3 Bc6 19. Rhg1 Qf6 20. g5 Qe6 21. gxh6
Qxh6 22. Qxh6+ gxh6 23. Ne4 f5 24. Nc3 b4 25. Bh5 bxc3 26. bxc3 Ne6 27. d4 Nf4
28. dxe5 Nxh5 29. exd6 cxd6 30. Rxd6 Be8 31. Re1 Bf7 32. c4 Bxc4 33. Rc6 Bd5
34. Rc7+ Rf7 35. Rc5 Nf6 36. Re5 Kg6 37. Re1 Rb7 38. Rg1+ Kf7 39. h4 Rab8 40.
Kd2 Ne4+ 41. Ke3 Nxc5 0-1